Ven y verás: guía para el catequista

I tiakina i:
Ngā taipitopito rārangi puna kōrero
Hōputu: Pukapuka
Reo:Pāniora
I whakaputaina: Santiago Salesiana 1982
Ngā marau:
Ngā Tūtohu: Tāpirihia he Tūtohu
Kāore He Tūtohu, Me noho koe te mea tuatahi ki te tūtohu i tēnei pūkete!

MARC

LEADER 00000nam a2200000 a 4500
001 UCL4233
003 CL-VaPUC
008 040109e19820000CL |||||||||||||||||spa|d
082 0 4 |a 268.6  |b VEN  |2 21 
245 1 0 |a Ven y verás: guía para el catequista 
300 |a 102 p 
942 |c BK 
945 |d 20040109 00:00:00  |a vberengu 
260 |a Santiago  |b Salesiana  |c 1982 
650 0 |a Catequesis  |9 314526 
650 0 |a Libros de texto  |9 270019 
583 |a last modification  |c 20040109 00:00:00  |k Rodrigo Vera 
999 |c 307114  |d 307112 
952 |0 0  |1 2  |4 0  |6 268_600000000000000_VEN_1982  |7 0  |8 A  |9 372704  |a BIBTEO  |b BIBTEO  |d 2019-11-21  |i 2099918  |o 268.6 VEN 1982  |p 2099918  |r 2019-11-21  |w 2019-11-21  |x Descarte 2019  |y BK  |k ICR